| 000 | 00935cam a2200205 4500 | ||
|---|---|---|---|
| 001 | L130534 | ||
| 008 | 050428n2003 000 0 eng u | ||
| 035 | _a(Sirsi) u130534 | ||
| 041 | _aeng | ||
| 050 |
_a333.72 _c18 |
||
| 110 |
_aOffice of Government Commerce _93987 |
||
| 245 |
_aAchieving excellence in construction _bprocurement guide 1 - initiative into action |
||
| 260 |
_aLondon _bOGC _c2003 |
||
| 490 |
_aOGC Achieving Excellence in Construction Procurement Guidance _v1 |
||
| 520 | _aThe first in this series of guides setting out the aims of the Achieving Excellence in Construction initiative and key messages for senior managers involved in procurement. | ||
| 690 |
_aProcurement _96260 |
||
| 690 | _aBUILT ENVIRONMENT-SUSTAINABLE CONSTRUCTION | ||
| 856 |
_uhttps://www.forthconstruction.co.uk/downloads/achieving-excellence-guide-1.pdf _zView this item free of charge at www.forthconstruction.co.uk... |
||
| 942 | _n0 | ||
| 999 |
_c104474 _d104474 |
||